000 00443pab a2200157 454500
008 180718b1990 xxu||||| |||| 00| 0 eng d
100 _aSokhi, B.S.
245 _aStudy of human settlement growth
_bUsing computer aided remote sensing techniques
260 _c1990
300 _a61-9
362 _aSept.
650 _aHousing - India
700 _aS.K. Mittal
773 _aJournal of the Institute of Town Planners, India
909 _a10157
999 _c10157
_d10157